Personnages "Le Fabuleux Destin d'Amélie Poulain" (Mort subite) - Statistiques

Statistiques générales
  • Ce quiz a été pris 135 fois
  • Le résultat moyen est 9 sur 15
Answers on the Grid
Answers color-coded by a green-red scale on the quiz's grid according to % correct below.
Amélie Poulain
Nino Quincampoix
Raphaël Poulain
Raymond Dufayel
Lucien, employé à l'épicerie
Georgette, la buraliste
Joseph, l'ex jaloux
Gina, la serveuse
Suzanne, la patronne du bar
Hipolito, l'écrivain raté
Madeleine Wallace
Mr Colignon, le patron de l'épicerie
Dominique Bretodeau
Philomène, l'hôtesse de l'air
Eva, la vendeuse du sex-shop
Sarah Connor
Jean-Jacques, le flic
Albert, le voisin détraqué
Simone Poulain
Marguerite, la fleuriste
Arsène Lupin
Hubert Bonisseur de La Bath
Mike, le boxeur
Auguste, l'alcoolique
Louis XIV
Anakin Skywalker
Luc Besson
Harry, un ami
Jean-Claude Dusse
Just Leblanc
 
Statistiques - réponses
Réponse % Correct
Amélie Poulain
83%
Mr Colignon, le patron de l'épicerie
71%
Nino Quincampoix
71%
Lucien, employé à l'épicerie
70%
Georgette, la buraliste
65%
Gina, la serveuse
65%
Dominique Bretodeau
64%
Hipolito, l'écrivain raté
64%
Suzanne, la patronne du bar
64%
Joseph, l'ex jaloux
57%
Philomène, l'hôtesse de l'air
57%
Eva, la vendeuse du sex-shop
55%
Madeleine Wallace
49%
Raphaël Poulain
49%
Raymond Dufayel
43%
Aucun quiz correspondant
Distribution des résultats
% des personnes avec chaque résultat
Percentile par nombre de réponses
Votre historique - résultats
Vous n’avez pas pris ce quiz